Ukraine True or False? - Statistics

General Stats
  • This quiz has been taken 179 times
  • The average score is 13 of 17
Answer Stats
Question Answer % Correct
Ukraine has never been attacked by Russia. False
97%
Odesa is the capital of Ukraine. False
94%
The movie Olga takes place in Ukraine. True
87%
Ukraine was part of Yugoslavia. False
84%
Chornobyl is a very populated city in Ukraine. False
84%
Kyiv is the most populated city in the world. False
84%
This is not Ukraine's emoji flag. 🇺🇦 False
84%
The nuclear disaster that once happened in Ukraine was called Chornobyl. True
84%
Ukraine is bigger than California. True
84%
Hryvnia is the currency of Ukraine. True
77%
The world's largest tree is in Ukraine. False
74%
Ukraine touches the Caspian Sea. False
71%
Easter eggs were invented in Ukraine. True
68%
Ukraine and Luxembourg are allies. True
68%
Ukraine is home to the deepest metro system in the world. True
65%
The Kista Science Tower is not located in Ukraine. True
48%
Ukraine was the first country to have a constitution. True
29%
No matching quizzes found
Score Distribution
Percent of People with Each Score
Percentile by Number Answered
Your Score History
You have not taken this quiz